000 00414 a2200157 4500
001 76076
020 _a97885944362001
040 _cAnchieta - Colégio São Paulo
100 _aMascarenhas, Ana Christina Romano
240 1 0 _aFiló: a árvore que não queria morrer
_lpor
245 1 0 _aFiló: a árvore que não queria morrer
300 _a30
362 0 _a2018
650 4 _aLiteratura infantil
942 _cBK
999 _c76076
_d76076